| 000 | 01000nam a2200277 a 4500 | ||
|---|---|---|---|
| 001 | BRCA_3456 | ||
| 005 | 20190320204307.0 | ||
| 041 | _ager | ||
| 044 | _agw | ||
| 084 |
_a745 _b.F47 _c1777 |
||
| 100 | 1 |
_aFernández de Avellaneda, Alonso _99032 |
|
| 245 | 1 | 0 |
_aLeben und Thaten des Weisen Junkers Don Quixote von Mancha _cAlonso Fernández de Avellaneda. |
| 260 |
_a[Weimar, Leipzig] _bFritschische Buchhandlung _c1777 |
||
| 300 |
_a2 v. _c17 cm. |
||
| 500 | _aTraducción alemana de la continuación escrita por Avellaneda y hecha por Bertuch Lúdovik Osterc | ||
| 500 | _aEdición : Neue Ausgabe | ||
| 500 | _aQM499 | ||
| 546 | _aTexto en : alemán | ||
| 650 | 1 | 4 |
_aNovela española _yÉpoca clásica, 1500-1700 _9215 |
| 650 | 1 | 4 |
_aLiteratura española _yÉpoca clásica, 1500-1700 _9216 |
| 650 | 1 | 4 |
_aNovela española _ySiglo XVII _9217 |
| 650 | 1 | 4 |
_aDon Quijote (Personaje ficticio) _eNovela _9218 |
| 740 | 0 | _aEl Ingenioso Hidalgo Don Quijote de la Mancha | |
| 902 | _aQFM | ||
| 942 |
_2lcc _cB |
||
| 999 |
_c3192 _d3192 |
||